Moviments socials a Europa : del moviment per la pau a les organitzacions no governamentals / Josep Pont ; prefaci de Salvador Giner ; pròleg de Rafael Grasa del moviment per la pau a les organitzacions no governamentals / Josep Pont ; prefaci de Salvador Giner ; pròleg de Rafael Grasa
Descripción Física:
220 p. ; 19 cm
MARC
| LEADER | 00000nam a2200000Ia 4500 | ||
|---|---|---|---|
| 001 | 12134 | ||
| 008 | 160829s1998 xx 000 0 cat d | ||
| 080 | |a M-2-325 | ||
| 100 | |a Pont, Josep |9 36560 | ||
| 245 | |a Moviments socials a Europa : |b del moviment per la pau a les organitzacions no governamentals / Josep Pont ; prefaci de Salvador Giner ; pròleg de Rafael Grasa | ||
| 260 | |a Barcelona : |b Hacer, |c 1998 | ||
| 300 | |a 220 p. ; |c 19 cm | ||
| 650 | 0 | |a Moviments socials |z Europa |9 7843 | |
| 650 | 0 | |a Organitzacions no governamentals |9 32144 | |
| 700 | |a Giner, Salvador |9 42672 | ||
| 700 | 1 | |a Grasa, Rafael |9 36562 | |
| 901 | |a Arxiu | ||
| 942 | |n 1 | ||
| 952 | |0 0 |1 0 |4 0 |6 M2325 |7 1 |9 47363 |a Arxiu |b Arxiu |d 2016-12-01 |l 0 |o M-2-325 |p 12134 |r 2016-12-01 00:00:00 |w 2016-12-01 |y ARXIU | ||
| 999 | |c 51161 |d 51161 | ||